000 00723nam a2200253Ia 4500
003 OSt
005 20221005085028.0
006 a|||||r|||| 00| 0
007 ta
008 221004b |||||||| |||| 00| 0 eng d
024 _a39212
037 _cTextual
040 _aCRL
_cCRL
_beng
041 _2eng
_aeng
082 _aO111,3M32w, K2
100 _aLennon Florence Becker
_9613803
245 0 _aLife of Lewis Carroll
260 _aNew York
_bCollier Book USA
_c1962
300 _a448p.
_ccm.
500 _aPublished previously as Victoria through the looking-glass
650 _aENGLISH LITERATURE
942 _hO111,3M32w, K2
_cTEXL
_2cc
999 _c993502
_d993502